00813nam a2200253 a 4500001001300000003000900013005001700022008004100039020002300080082002200103100001800125245007900143260004400222300000900266500003500275505001000310650003300320650003100353700001800384902000800402942000700410952012500417999001700542nice12345678IN_TiNIC20260116015104.0050524s1990 newa grp 000 0 eng  a9711138 c21500a323.39710959bMAN aMan,, W K Che aMuslim Separatism the Moros of Southern Philippines & the Malays of Southe aNew YorkbOxford University Pressc1990 a240p aincludes index and biblioraphy2 aIndex aMuslims-Philippines-Politics aMuslims-Thailand- Politics1 aMan,, W K Che bSRS cBK 001040708StackRoom-aHMIbHMId2007-04-10g215.00l0o323.39710959 MANp11001045r2007-04-10v215.00w2005-05-24yBK c18268d18268